教授別急! : 廖玉蕙幽默散文選

資料類型: Book 圖書   書目號:51827

Leader xxxxxxxxxx
001 __ 102510/4/01
005 __ 20171120175637.502
010 0_ |a978-957-444-996-5|b平裝|d新臺幣320元
042 __ |anbic
100 __ |a20171120d2015    km y0chiy50      e
101 0_ |achi
102 __ |atw
105 __ |aa   z   000cy
200 1_ |a教授別急!|e廖玉蕙幽默散文選|f廖玉蕙著|g蔡全茂圖
210 __ |a臺北市|c九歌|d2015[民104]
215 0_ |a285面|c|d21公分
225 12 |a廖玉蕙作品集|v15
681 __ |a855.48|b8534
700 _1 |a|b玉蕙|4702 _1 |a|b全茂|4801 _0 |atw|bLibDipper|c20171120|gCCR
詳細館藏(共 1 筆)
索 書 號登 錄 號冊次號館別 / 館藏地流通類型狀態加入預約清單電子資源
855.48 / 8534 1025104  圖書館 / 一樓普通區 可外借30天 在館   

| 條列資料




目錄查詢 分類查詢 個人資料 圖書薦購 新書查詢 閉館日 排行榜 更多電子資源 Hami書城 線上資料庫 登出

From : 216.73.217.87

  本日流通累計至 06:31:59 借閱 : 0 次 續借 : 0 次 歸還 : 0 次 預約 : 0 次 電子資源 : 0 次


內湖高中圖書館  PCLIS 版本  26.5.0.12